000 00921cam a2200229 4500
001 X122764
008 030626n2003 000 0 eng u
035 _a(Sirsi) u122764
100 _aSparkes, J.
245 _aTracy's royal building surveying service
260 _c2003
490 _aRICS Feature
_v19 June 2003 (2)
520 _aFeature profiling Tracey Simmons a chartered building surveyor and part of the Surveyor of the Fabric's team at Historic Royal Palaces, the charitable trust responsible for the maintenance and upkeep of Hampton Court, Kew Palace, Kensington Palace, Banqueting House and the Tower of London.
650 _aBUILDING SURVEYORS
650 _aHISTORIC ROYAL PALACES
650 _aRICS RAISING THE RATIO CAMPAIGN
650 _aSURVEYORS OF THE FABRIC
650 _aWOMEN IN SURVEYING
650 _aWOMEN SURVEYORS
690 _aBUILT ENVIRONMENT-BUILDING INSPECTION
942 _n0
999 _c72939
_d72939